000 00641nam a2200241Ia 4500
005 20260430150413.0
008 008 250103s9999 xx 000 0 eng d
037 _aTheses
040 _aCRL
040 _beng
040 _ceng
041 _2eng
041 _aeng
084 _qCRL
100 _aKumar Saurabh Au.; Dash Sandip Gu.
_91237395
245 0 _aLand Reforms in Kenya and Zimbabwe: A Comparative Study
260 _c2022
300 _a174p.
650 _aSocial Sciences
700 _aUniversity of Delhi. Faculty of Social Sciences. Deptt. of African Studies
_91237396
942 _cTH
999 _c1849698
_d1849698